Responses for Show #8675 - Friday, July 1, 2022

Contestants

[<< previous game]

Shayan Sadegh, a medical scribe from Potomac, Maryland

Eleanor Dixon, a freelance technical editor from Vero Beach, Florida

David Bzdak, a philosophy professor from Syracuse, New York (whose 1-day cash winnings total $2,000)

[next game >>]

Jeopardy! Round responses

ON A HOLIDAY
U.S. CITIES
ANIMALS & THE LAW
FRUITS & VEGETABLES IN FRENCH
GAME PLAN
"X"s & "O"s
(Mayim: Each response contains an "X" followed at some point by an "O".)
    $200 12
Halloween (October 31st)

Eleanor
    $200 1
Detroit

Eleanor
    $200 17
fish

David
    $200 22
corn

Shayan
    $200 8
Clue

David
    $200 3
annexation

David
    $400 13
(David: What is China?)

Cuba

David
Triple Stumper
    $400 2
Chicago

David
    $400 18
a pig

David
    $400 23
a lime

Eleanor
    $400 27
Trivial Pursuit

Eleanor
    $400 4
exorcism

Eleanor
    $600 14
Johnson

Shayan
    $600 9
Pittsburgh

David
    $600 19
frogs

David
    $600 24
cabbage

Eleanor
    $600 28
Minecraft

Shayan
    $600 5
complexion

Eleanor
    $800 15
(Captain James) Cook

David
    $1,000 10
(David: What is Santa Fe?)

Salt Lake City

David
    $800 20
draw a buggy

Eleanor
    $800 25
pineapple

Shayan
    $800 29
Connect Four

Shayan
    $800 6
anxious

Eleanor
    $1000 16
Sojourner

Triple Stumper
    $1000 11
Fairbanks

Eleanor
    $1000 21
Tennessee

David
    $1000 26
(Eleanor: What is celery?)

cherry

Eleanor
Triple Stumper
    $1000 30
(Shayan: What is Whac-A-Mole?)
(Eleanor: What is Jenga?)

Don't Break the Ice

EleanorShayan
Triple Stumper
    $1000 7
the sexton

Triple Stumper

Scores at the first commercial break (after clue 15):

David Eleanor Shayan
$800 $3,200 $600

Scores at the end of the Jeopardy! Round:

David Eleanor Shayan
$3,000 $3,400 $2,000

Double Jeopardy! Round responses

ONE-WORD NONFICTION TITLES
FILMED IN GEORGIA
IT'S A PROCESS
20th CENTURY NAMES
A DISASTER OF BIBLICAL PROPORTIONS
ITALIAN LOANWORDS
    $400 2
geometry

David
    $400 7
[Shayan does not include "The" in his response.]

The Hunger Games

Shayan
    $400 1
flour

David
    $400 15
(Eleanor: Who is Washington?)

Mao (Tse-tung)

DavidEleanor
    $400 13
Noah

Eleanor
    $400 12
ditto

David
    $800 3
Secretary of Defense

David
    $800 27
The Walking Dead

Shayan
    $800 8
ammonia

Shayan
    $800 16
Evel Knievel

David
    $800 14
locusts

David
    $800 20
cappuccino

Triple Stumper
    $2,000 4
(David: Hmm, what is fallacy?)

noise

David
    $1200 28
Tyler Perry

Triple Stumper
    $1200 9
refining

Triple Stumper
    $1200 17
Carl Lewis

David
    $1200 24
40 years

Eleanor
    $1200 21
a stiletto

Shayan
    $1600 5
Committed

Triple Stumper
    $1600 29
Fried Green Tomatoes

Eleanor
    $1600 10
sulfuric acid

Shayan
    $1600 18
(David: Who is Walter Mondale?)

Hubert Humphrey

David
Triple Stumper
    $2,018 25
the Philistines

Eleanor
    $1600 22
a libretto

Shayan
    $2000 6
(Shayan: Who is Megan Rapinoe?)

Glennon Doyle

Shayan
Triple Stumper
    $2000 30
Deliverance

Eleanor
    $2000 11
homogenization

Shayan
    $2000 19
(Rachel) Carson

Shayan
    $2000 26
Nebuchadnezzar

David
    $2000 23
belladonna

Eleanor

Scores at the end of the Double Jeopardy! Round:

David Eleanor Shayan
$6,600 $12,218 $10,400

[wagering suggestions for these scores]

Final Jeopardy! Round responses

WORLD GEOGRAPHY
DavidWhat Equatorial Gui French Guyana
$3,801
ShayanWhat is French Guiana?
$2,801
EleanorWhat is French Guyana?
$8,600
French Guiana

Final scores:

David Eleanor Shayan
$10,401 $20,818 $13,201
3rd place: $1,000 New champion: $20,818 2nd place: $2,000

Game dynamics:

Coryat scores:

David Eleanor Shayan
$9,600 $11,800 $10,400
18 R,
4 W
(including 2 DDs)
16 R
(including 1 DD),
3 W
13 R,
2 W

Combined Coryat: $31,800

[game clues] [game scores] [suggest correction]

Game tape date: 2022-04-29
The J! Archive is created by fans, for fans. Scraping, republication, monetization, and malicious use prohibited; this site may use cookies and collect identifying information. See terms. The Jeopardy! game show and all elements thereof, including but not limited to copyright and trademark thereto, are the property of Jeopardy Productions, Inc. and are protected under law. This website is not affiliated with, sponsored by, or operated by Jeopardy Productions, Inc. Join the discussion at JBoard.tv.